000 01491nam a22002897a 4500
001 121283
008 221228s2022 xxk|||||o|||| 00| 0 eng d
020 _a 9781783214884
041 _aeng
100 _a Varriale, Fabrizio
110 _aRoyal Institution of Chartered Surveyors
245 _aDecarbonising UK real estate:
_bRecommendations for policy reform
_h[Electronic resource]
260 _aLondon,
_bRoyal Institution of Chartered Surveyors,
_cNovember 2022
300 _a42p.
490 _aRICS Policy Paper
500 _aRemoved from RICS.org on publication of the 2023 addendum ISBN 9781783215096
520 _aThis report outlines the main policy reforms needed to accelerate the reduction of both embodied and operational carbon emissions arising from real estate in line with national decarbonisation targets.Through the Nationally Determined Contribution and the amended Climate Change Act 2008, the UK has committed to reducing its emissions by at least 68% by 2030 (in comparison to 1990 levels), and to reach net zero carbon by 2050
650 _aCLIMATE CHANGE ACT 2008
650 _aNET ZERO
650 _aDECARBONISATION
651 _aUnited Kingdom
690 _96238
_aEnvironment
690 _96307
_aBuilt Environment
710 _aRoyal Institution of Chartered Surveyors
856 _uhttps://www.rics.org/profession-standards/knowledge-and-information-services/document-delivery-and-o
_zemail [email protected] to request a copy
942 _n0
999 _c121283
_d121283